20 grootste voetbalstadion in europa - Statistieken

Algemene statistieken
  • Deze quiz is 27 keer genomen
  • De gemiddelde score is 6 van 20
Antwoordstatistieken
capaciteit Antwoord % Correct
74.310 (engeland) Old Trafford
67%
81.044 (spanje) Santiago Bernabéu
67%
75.024 (duitsland) Allianz Arena
62%
80.018 (italie) San Siro
52%
90.000 (engeland) Wembley stadium
52%
99.354 (Spanje) Spotify Camp nou
48%
61.276 (engeland) Anfield
43%
60.704 (engeland) Emirates Stadium
33%
55.097 (engeland) Etihad Stadium
33%
81.365 (duitsland) Signal Iduna Park
33%
64.642 (portugal) Estádio da Luz
14%
67.394 (frankrijk) Stade Vélodrome
14%
62.850 (engeland) Tottenham Hotspur Stadium
14%
70.692 (spanje) Estadio Metropolitano
10%
67.215 (hongarije) Puskás Aréna
10%
80.698 (frankrijk) Stade de France
10%
70.634 (italië) Stadio Olimpico
10%
75.145 (turkije) Atatürk Olympic Stadium
5%
81.000 (rusland) Luzhniki Stadium
5%
74.475 (duitsland) Olympiastadion
5%
Geen overeenkomende quizzen gevonden
Scoreverdeling
Procent van Mensen met Elke Score
Percentiel versus Aantal Correcte Antwoorden
Uw Scoregeschiedenis
U heeft deze quiz nog niet genomen